| 000 | 00365nam a2200133Ia 4500 | ||
|---|---|---|---|
| 005 | 20260328104252.0 | ||
| 008 | 260328s9999||||xx |||||||||||||| ||und|| | ||
| 100 | _aMüller, Lars | ||
| 245 | 0 |
_aEduardo Souto de Moura : _b Sketchbook N° 76 / _cLars Müller |
|
| 260 | _bLars Müller Publishers | ||
| 300 | _a198 p. | ||
| 650 | _aDIBUJO ARQUITECTÓNICO | ||
| 942 | _cBK | ||
| 999 |
_c10268 _d10268 |
||